Životní úroveň v Česku je stále pod evropským průměrem, ale pořád vyšší než v celém bloku postkomunistických zemí

Česká republika patrí medzi prosperujúce štáty strednej Európy s pomerne silným ekonomickým výkonom, avšak naďalej zaostáva za priemerom Európskej únie v niektorých kľúčových makroekonomických ukazovateľoch.

Salvato in:
Dettagli Bibliografici
Autore principale: Kalabiška, Roman
Natura: Capitolo di libro
Lingua:ceco
Soggetti:
Tags: Aggiungi Tag
Nessun Tag, puoi essere il primo ad aggiungerne!!

MARC

LEADER 00000naa a2200000 4500
001 0314655
005 20260130112927.3
041 0 |a cze 
044 |a CZ 
245 1 0 |a Životní úroveň v Česku je stále pod evropským průměrem, ale pořád vyšší než v celém bloku postkomunistických zemí  |c Roman Kalabiška 
520 |a Česká republika patrí medzi prosperujúce štáty strednej Európy s pomerne silným ekonomickým výkonom, avšak naďalej zaostáva za priemerom Európskej únie v niektorých kľúčových makroekonomických ukazovateľoch. 
610 2 0 |a úroveň životná 
610 2 0 |a produkt domáci hrubý 
610 2 0 |a ekonomika 
610 2 0 |a ukazovatele makroekonomické 
610 2 0 |a porovnanie medzinárodné 
610 2 0 |a Česko 
100 1 |a Kalabiška, Roman